Statistics for Top 10 largest cities in Europe

Click here to take the quiz!

General Stats

  • This quiz has been taken 21 times
  • The average score is 10 of 10

Answer Stats

hintAnswer% Correct
United KingdomLondon
100%
TurkeyIstanbul
95%
RussiaMoscow
95%
FranceParis
95%
SpainMadrid
95%
SpainBarcelona
95%
RussiaSt Petersburg
95%
ItalyRome
95%
GermanyBerlin
95%
GreeceAthens
90%

Score Distribution

Percentile by Number Answered

Percent of People with Each Score

Your Score History

You have not taken this quiz